7 Letter Pokemon names - Statistics

General Stats
  • This quiz has been taken 148 times
    141 since last reset
  • The average score is 138 of 263
Answer Stats
Generation Type Pokémon % Correct
I Electric Pikachu
84%
III Dragon/Flying Altaria
71%
I Dragon Dratini
71%
I Rock/Ground Geodude
71%
IV Normal/Water Bibarel
69%
III Rock/Bug Armaldo
67%
II Normal Blissey
67%
I Normal Chansey
67%
V Bug/Rock Dwebble
67%
I Psychic Kadabra
67%
I Bug Metapod
67%
III Rock/Bug Anorith
65%
II Bug/Poison Ariados
65%
III Ghost Banette
65%
Ii Grass Bayleef
65%
III Grass/Fighting Breloom
65%
I Fire Flareon
65%
IV Ice Glaceon
65%
I Grass/Poison Ivysaur
65%
I Normal/Flying Pidgeot
65%
III Bug Cascoon
63%
I Psychic Drowzee
63%
I Ghost/Poison Haunter
63%
I Electric Jolteon
63%
I Poison Koffing
63%
II Dark Umbreon
63%
VI Rock/Ice Aurorus
61%
V Ice Beartic
61%
V Electric Blitzle
61%
I Water/Ice Dewgong
61%
I Ground Diglett
61%
I Ground Dugtrio
61%
IV Fighting/Steel Lucario
61%
I Fire/Flying Moltres
61%
V Grass Pansage
61%
III Ghost Shuppet
61%
III Bug Silcoon
61%
II Dark/Ice Sneasel
61%
VI Fairy Sylveon
61%
VI Ice Avalugg
59%
V Dark/Steel Bisharp
59%
VI Rock/Fairy Carbink
59%
II Water/Rock Corsola
59%
V Bug/Rock Crustle
59%
IV Dark Darkrai
59%
V Ground Drilbur
59%
III Ground Groudon
59%
IV Fire/Steel Heatran
59%
II Water/Dragon Kingdra
59%
IV Grass Leafeon
59%
V Ghost/Fire Litwick
59%
I Fighting Machamp
59%
I Fighting Machoke
59%
I Poison Nidoran♀
59%
I Poison Nidoran♂
59%
I Rock/Water Omastar
59%
V Water Panpour
59%
V Fire Pansear
59%
I Normal/Flying Spearow
59%
III Grass Treecko
59%
I Bug/Poison Venonat
59%
III Ground/Dragon Vibrava
59%
I Poison Weezing
59%
IV Normal Buneary
57%
V Ice Cubchoo
57%
VI Rock/Fairy Diancie
57%
VI Fairy Flabébé
57%
VIII Grass/Dragon Flapple
57%
V Dragon Fraxure
57%
I Water Goldeen
57%
III Grass Grovyle
57%
V Fire Heatmor
57%
I Water Kingler
57%
V Ghost/Fire Lampent
57%
III Bug/Flying Ninjask
57%
I Rock/Water Omanyte
57%
VI Fighting Pancham
57%
I WaterPsychic Slowbro
57%
I Normal Snorlax
57%
II Steel/Ground Steelix
57%
II Water Suicune
57%
I Electric Voltorb
57%
VI Dragon/Ground Zygarde
57%
III Normal/Fairy Azurill
55%
VI Fire Braixen
55%
III Rock/Grass Cradily
55%
VI Fire/Psychic Delphox
55%
III Ghost Duskull
55%
II Electric Flaaffy
55%
VI Steel/Ghost Honedge
55%
II Water/Electric Lanturn
55%
IV Normal Lopunny
55%
II Normal Miltank
55%
II Normal/Flying Noctowl
55%
VI Fighting/Dark Pangoro
55%
V Fire/Fighting Pignite
55%
I Normal Porygon
55%
I Normal Rattata
55%
I Bug/Flying Scyther
55%
II Bug/Rock Shuckle
55%
III Rock/Psychic Solrock
55%
I Water/Psychic Starmie
55%
III Normal/Flying Swellow
55%
II Fairy/Flying Togetic
55%
III Fire Torchic
55%
III Bug Volbeat
55%
IV Dark/Ice Weavile
55%
VI Rock/Water Binacle
53%
IV Steel/Psychic Bronzor
53%
IV Grass Cherrim
53%
III Ground/Psychic Claydol
53%
VIII Ghost Cursola
53%
VII Grass/Flying Dartrix
53%
VI Fairy Floette
53%
VI Fairy Florges
53%
V Grass/Poison Foongus
53%
IV Psychic/Fighting Gallade
53%
I Water Golduck
53%
III Normal Linoone
53%
III Bug/Ground Nincada
53%
VI Flying/Dragon Noivern
53%
I Water Poliwag
53%
I Ground/Rock Rhyhorn
53%
II Normal Sentret
53%
III Dragon Shelgon
53%
III Normal Slaking
53%
III Normal Slakoth
53%
V Fighting Timburr
53%
II Fighting Tyrogue
53%
III Ice/Water Walrein
53%
VIII Bug Blipbug
51%
V Rock Boldore
51%
VII Water Brionne
51%
IV Grass Cherubi
51%
VI Grass Chespin
51%
VIII Bug/Psychic Dottler
51%
IV Poison/Dark Drapion
51%
V Psychic Duosion
51%
VI Water Froakie
51%
IX Fire Fuecoco
51%
V Fighting Gurdurr
51%
V Dragon Haxorus
51%
III Water Huntail
51%
III Steel/Psychic Jirachi
51%
VI Dark/Psychic Malamar
51%
IV Water/Flying Mantyke
51%
I Ground Marowak
51%
VII Ghost/Fairy Mimikyu
51%
II Dark/Flying Murkrow
51%
III Grass/Dark Nuzleaf
51%
V Dark/Fighting Scrafty
51%
I Water Seaking
51%
V Grass Servine
51%
III Grass/Dark Shiftry
51%
V Psychic Solosis
51%
III Fire Torkoal
51%
V Psychic/Fire Victini
51%
V Dark/Flying Vullaby
51%
III Water Wailmer
51%
III Water Wailord
51%
III Water/Flying Wingull
51%
VI Fairy Xerneas
51%
VI Electric/Fairy Dedenne
49%
II Ground Donphan
49%
VIII Grass Grookey
49%
III Psychic Grumpig
49%
IV Normal Happiny
49%
V Normal Herdier
49%
III Normal Kecleon
49%
VIII Bug/Rock Kleavor
49%
III Water Luvdisc
49%
II Water/Flying Mantine
49%
VIII Electric/Dark Morpeko
49%
I Normal Persian
49%
III Grass/Poison Roselia
49%
V Ground/Dark Sandile
49%
V Dark/Fighting Scraggy
49%
VI Dragon Sliggoo
49%
VI Fairy Swirlix
49%
III Normal/Flying Taillow
49%
III Grass/Flying Tropius
49%
IV Grass Turtwig
49%
III Bug Wurmple
49%
VI Dark/Flying Yveltal
49%
V Dark Zoroark
49%
IV Normal Ambipom
47%
VII Water/Psychic Bruxish
47%
VIII Psychic/Grass Calyrex
47%
IX Ice Cetitan
47%
III Normal Exploud
47%
IV Water Finneon
47%
IV Ground/Flying Gliscor
47%
V Psychic Gothita
47%
VII Bug Grubbin
47%
VII Dragon/Fighting Hakamo-o
47%
VIII Psychic Hattrem
47%
VII Dragon Jangmo-o
47%
VII Grass/Steel Kartana
47%
V Dark Liepard
47%
V Fighting Mienfoo
47%
III Water Milotic
47%
VII Ground Mudbray
47%
V Grass Petilil
47%
III Dark/Ghost Sableye
47%
III Poison Seviper
47%
III Ice Snorunt
47%
II Grass Sunkern
47%
III Bug/Water Surskit
47%
V Psychic/Flying Swoobat
47%
VIII Fighting/Dark Urshifu
47%
V Normal Watchog
47%
VIII Electric Boltund
45%
VII Psychic Cosmoem
45%
VIII Psychic Hatenna
45%
III Normal Loudred
45%
IV Water Manaphy
45%
IV Psychic Mesprit
45%
I Water Psyduck
45%
IV Normal Purugly
45%
IV Grass Shaymin
45%
IV Water Shellos
45%
V Bug Shelmet
45%
VII Poison/Water Toxapex
45%
V Water Tympole
45%
VII Normal Yungoos
45%
VIII Normal Dubwool
43%
IX Flying/Fighting Flamigo
43%
VI Normal Furfrou
43%
IV Normal Glameow
43%
IX Rock/Poison Glimmet
43%
VIII Dark/Fairy Morgrem
43%
VII Normal/Flying Pikipek
43%
VII Water Popplio
43%
V Normal/Flying Rufflet
43%
I Grass Tangela
43%
III Normal Whismur
43%
IX Water Wiglett
43%
IX Water Wugtrio
43%
IV Bug/Flying Yanmega
43%
VIII Water Chewtle
41%
VIII Water/Rock Drednaw
41%
VIII Fighting Falinks
41%
IX Water Finizen
41%
IX Psychic Flittle
41%
IX Normal Lechonk
41%
VII Poison Poipole
41%
IV Poison/Bug Skorupi
41%
VII Grass Steenee
41%
VIII Dark Thievul
41%
IX Water Dondozo
39%
IX Water Palafin
39%
II Fire Quilava
39%
IX Electric/Flying Wattrel
39%
VII Electric Zeraora
39%
IX Fairy Fidough
37%
II Rock/Ground Pupitar
37%
VIII Normal Skwovet
37%
IX Bug Spidops
37%
VII Normal/Fighting Stufful
37%
IX Electric Tadbulb
37%
IX Dark/Grass Wo-Chien
37%
VIII Fairy Milcery
33%
VIII Normal/Psychic Wyrdeer
33%
No matching quizzes found
Score Distribution
Percent of People with Each Score
Percentile by Number Answered
Your Score History
You have not taken this quiz since the last reset